La noche de la verdad. Los artículos de Combat (1944-1947).

Na minha lista:
Detalhes bibliográficos
Autor principal: Camus, Albert (autor)
Outros Autores: Arias Maldonado, Manuel (prólogo), Gallego Urrutia, María Teresa (traductora)
Formato: Desconhecido
Publicado em: Barcelona, España: Penguin Random House, 2021.
Colecção:Debate Ensayo.
Assuntos:
Tags: Adicionar Tag
Sem tags, seja o primeiro a adicionar uma tag!

MARC

LEADER 00000 a2200000 4500
003 CL-VaPUC
005 20230912174307.0
008 230911t2021 ||||| |||| 00| 0 eng d
999 |c 441560  |d 441558 
020 |a 9788418006739 
040 |c Pontificia Universidad Católica de Valparaíso 
082 7 |a 074.09044 CAM 2021  |2 22 
100 |a Camus, Albert  |9 315220  |e autor 
245 1 3 |a La noche de la verdad.  |b Los artículos de Combat (1944-1947). 
260 |a Barcelona, España:  |b Penguin Random House,   |c 2021. 
300 |a 427 páginas.  
490 |a Debate Ensayo. 
583 |k GC  |c 20230911 
610 |a Combat   |x Periódico   |x Resistencia Francesa   |y 1944-1947  |9 884550 
650 |a Resistencia francesa   |x Guerra mundial   |x Artículos de periódicos   |y 1944-1947  |9 884551 
651 |a Francia   |v Artículos de periódicos   |y 1944-1947  |9 884552 
700 |a Arias Maldonado, Manuel   |e prólogo  |9 884553 
700 |a Gallego Urrutia, María Teresa  |e traductora  |9 884554 
942 |2 ddc  |c BK 
952 |0 0  |1 0  |2 ddc  |4 0  |6 074_090440000000000_CAM_2021  |7 0  |8 A  |9 591486  |a BIBCUR  |b BIBCUR  |c GEN  |d 2023-09-11  |e 13  |g 15200.00  |i 5658609  |l 3  |o 074.09044 CAM 2021  |p 5658609  |r 2025-04-22  |s 2024-08-09  |t 1  |v 15200.00  |w 2023-09-11  |y BK  |k PER